| 000 | 00565nam a2200193Ia 4500 | ||
|---|---|---|---|
| 008 | 121001t2000 xxu||||| |||| 00| 0 sin d | ||
| 041 | _asin | ||
| 080 |
_a8-31 (Indeeya) _bTAG |
||
| 100 | _aTagore,Rabindra Nath | ||
| 245 | _aප්රේම යාත්රා | ||
| 246 | _aPremayatra | ||
| 260 |
_aSubha Publisher _aPannipitiya _c2000 |
||
| 300 | _b204p, 18 cm | ||
| 500 | _aSinhalese Translation Of Rabindra Nath Tagore's of The Wreck | ||
| 700 |
_aKarunarathna,D.M. _etr. |
||
| 942 | _cBK | ||
| 999 |
_c40262 _d40262 |
||
| 003 | LK-CoDNM | ||
| 040 |
_aLK-CoDNM _dLK-CoDNM _eLK-CoDNM |
||